| Tag |
First Indicator |
Second Indicator |
Subfields |
| LEADER |
00000nam a2200000Ii 4500 |
| 001 |
in00004734921 |
| 003 |
OCoLC |
| 006 |
m o d |
| 007 |
cr cnu|||unuuu |
| 008 |
170206s2017 nyuab ob 001 0 eng d |
| 005 |
20250816191703.3 |
| 019 |
|
|
|a 971595965
|a 971935909
|a 972124374
|a 972161241
|a 972394456
|a 972570416
|
| 020 |
|
|
|a 9781501713262
|q (electronic bk.)
|
| 020 |
|
|
|a 1501713264
|q (electronic bk.)
|
| 020 |
|
|
|z 9780801493461
|
| 020 |
|
|
|z 0801493463
|q (pbk.)
|
| 024 |
8 |
|
|a 99994283318
|
| 035 |
|
|
|a (OCoLC)971492838
|z (OCoLC)971595965
|z (OCoLC)971935909
|z (OCoLC)972124374
|z (OCoLC)972161241
|z (OCoLC)972394456
|z (OCoLC)972570416
|
| 037 |
|
|
|a 991230
|b MIL
|
| 037 |
|
|
|a 22573/ctt1rtvxcg
|b JSTOR
|
| 040 |
|
|
|a N$T
|b eng
|e rda
|e pn
|c N$T
|d N$T
|d YDX
|d EBLCP
|d OCLCQ
|d IDEBK
|d OCLCF
|d MERUC
|d JSTOR
|d OCLCQ
|d OCLCA
|d EZ9
|d DEGRU
|d TXC
|d OCLCQ
|d LVT
|d AGLDB
|d G3B
|d IGB
|d STF
|d AU@
|d UKAHL
|d OCL
|d OCLCQ
|
| 050 |
|
4 |
|a U162.6
|b .M43 2017
|
| 072 |
|
7 |
|a HIS
|x 027130
|2 bisacsh
|
| 072 |
|
7 |
|a TEC
|x 025000
|2 bisacsh
|
| 072 |
|
7 |
|a POL012000
|2 bisacsh
|
| 072 |
|
7 |
|a HIS027000
|2 bisacsh
|
| 082 |
0 |
4 |
|a 355.02/17
|2 23
|
| 084 |
|
|
|a 89.75
|2 bcl
|
| 100 |
1 |
|
|a Mearsheimer, John J.,
|e author.
|
| 245 |
1 |
0 |
|a Conventional deterrence /
|c John J. Mearsheimer.
|
| 264 |
|
1 |
|a Ithaca, New York :
|b Cornell University Press,
|c 1985.
|
| 264 |
|
4 |
|c ©1983
|
| 300 |
|
|
|a 1 online resource () :
|b illustrations, maps.
|
| 336 |
|
|
|a text
|b txt
|2 rdacontent
|
| 337 |
|
|
|a computer
|b c
|2 rdamedia
|
| 338 |
|
|
|a online resource
|b cr
|2 rdacarrier
|
| 347 |
|
|
|a data file
|2 rda
|
| 490 |
1 |
|
|a Cornell studies in security affairs
|
| 504 |
|
|
|a Includes bibliographical references and index.
|
| 588 |
0 |
|
|a Print version record.
|
| 505 |
0 |
|
|a Conventional Deterrence; Contents; Preface; 1. Introduction; 2. Conventional Deterrence; 3. The Allied Decision Not to Attack Germany, March 1939-May 1940; 4. The German Decision to Attack in the West, 1939-1940; 5. Conventional Deterrence and the Arab-Israeli Conflict; 6. The Prospects for Conventional Deterrence in Central Europe; 7. Precision-Guided Munitions and Conventional Deterrence; 8. Conclusion; Notes; Select Bibliography; Index.
|
| 650 |
|
0 |
|a Deterrence (Strategy)
|x History
|y 20th century.
|
| 650 |
|
0 |
|a Military history, Modern
|y 20th century.
|
| 650 |
|
7 |
|a HISTORY
|x Military
|x Other.
|2 bisacsh
|
| 650 |
|
7 |
|a TECHNOLOGY & ENGINEERING
|x Military Science.
|2 bisacsh
|
| 650 |
|
7 |
|a POLITICAL SCIENCE
|x Security (National & International)
|2 bisacsh
|
| 650 |
|
7 |
|a Deterrence (Strategy)
|2 fast
|0 (OCoLC)fst00891658
|
| 650 |
|
7 |
|a Military history, Modern.
|2 fast
|0 (OCoLC)fst01021239
|
| 650 |
1 |
7 |
|a Veiligheidspolitiek.
|2 gtt
|
| 650 |
1 |
7 |
|a Afschrikking (polemologie)
|2 gtt
|
| 648 |
|
7 |
|a 1900-1999
|2 fast
|
| 655 |
|
7 |
|a Electronic books.
|2 local
|
| 710 |
2 |
|
|a JSTOR (Organization)
|
| 776 |
1 |
8 |
|i Print version:
|a Mearsheimer, John J.
|t Conventional deterrence.
|d Ithaca, New York : Cornell University Press, 1985, ©1983
|z 0801493463
|w (OCoLC)14151712
|
| 830 |
|
0 |
|a Cornell studies in security affairs.
|
| 856 |
4 |
0 |
|u http://proxy.library.tamu.edu/login?url=https://www.jstor.org/stable/10.7591/j.ctt1rv61v2
|z Connect to the full text of this electronic book
|t 0
|
| 945 |
|
|
|b 778642
|
| 955 |
|
|
|a YBP purchased firm e-records
|
| 980 |
|
|
|b usergen
|c 99994283318
|g 565750
|k USD
|m 112.50
|o PSEL
|q 1
|s AcqMono Conventional
|t Purchase at vendor system
|u Vendor order reference number
|v ZYBP
|y Selectors - electronic
|z Electronic resource
|
| 999 |
f |
f |
|i 6c34e171-0a5f-4369-95af-17b1433e87ed
|s a1491371-9353-474a-9d99-6341bec64479
|t 0
|
| 952 |
f |
f |
|a Texas A&M University
|b College Station
|c Electronic Resources
|d Available Online
|t 0
|e U162.6 .M43 2017
|h Library of Congress classification
|
| 998 |
f |
f |
|a U162.6 .M43 2017
|t 0
|l Available Online
|